| 000 | 00746nam a22001937a 4500 | ||
|---|---|---|---|
| 999 |
_c371688 _d371688 |
||
| 008 | 201127b ||||| |||| 00| 0 eng d | ||
| 040 |
_aDE-2950 _bger _cDE-2950 _erda |
||
| 041 | _ager | ||
| 245 |
_aEin Konzert zum 50. Geburtstag. _bJubiläum: 1970 gründete sich das heutige "Orchester der Frankfurter Musikfreunde". Sonntag spielt es in der Konzerthalle/ _cjw |
||
| 264 | _c2022 | ||
| 653 | _aFrankfurt (Oder) | ||
| 653 | _aOrchester der Frankfurter Musikfreunde | ||
| 653 | _aJubiläumskonzert | ||
| 773 |
_dFrankfurt (Oder) Märkisches Verlags- und Druckhaus GmbH & Co KG _tMärkische Oderzeitung _g33. Jahrgang (2022) Nr. 139 vom 17.06.2022, S. 16 |
||
| 942 | _cA | ||